<?xml version="1.0" encoding="UTF-8"?>
<collection xmlns:xsi="http://www.w3.org/2001/XMLSchema-instance" xsi:schemaLocation="http://www.loc.gov/MARC21/slim http://www.loc.gov/standards/marcxml/schema/MARC21slim.xsd" xmlns="http://www.loc.gov/MARC21/slim">
 <record>
  <leader>00000cam a22000004i 4500</leader>
  <controlfield tag="001">UP-8027390931316316973</controlfield>
  <controlfield tag="003">Buklod</controlfield>
  <controlfield tag="005">20230112125435.0</controlfield>
  <controlfield tag="006">a     r    |||| u|</controlfield>
  <controlfield tag="007">ta</controlfield>
  <controlfield tag="008">220506t20222022xx ab   rb   |001 0|eng c</controlfield>
  <datafield tag="020" ind1=" " ind2=" ">
   <subfield code="a">9784866582313</subfield>
  </datafield>
  <datafield tag="020" ind1=" " ind2=" ">
   <subfield code="a">4866582316</subfield>
  </datafield>
  <datafield tag="035" ind1=" " ind2=" ">
   <subfield code="a">(iLib)UPMIN-00028608429</subfield>
  </datafield>
  <datafield tag="040" ind1=" " ind2=" ">
   <subfield code="a">GZN</subfield>
   <subfield code="b">eng</subfield>
   <subfield code="c">GZN</subfield>
   <subfield code="e">rda</subfield>
   <subfield code="d">WSL</subfield>
   <subfield code="d">QGQ</subfield>
   <subfield code="d">JNA</subfield>
   <subfield code="d">OWS</subfield>
   <subfield code="d">NGU</subfield>
   <subfield code="d">WVU</subfield>
   <subfield code="d">OCLCO</subfield>
   <subfield code="d">EAU</subfield>
   <subfield code="d">LOA</subfield>
   <subfield code="d">UBY</subfield>
   <subfield code="d">DLC</subfield>
  </datafield>
  <datafield tag="041" ind1="1" ind2=" ">
   <subfield code="a">eng</subfield>
  </datafield>
  <datafield tag="042" ind1=" " ind2=" ">
   <subfield code="a">pcc</subfield>
  </datafield>
  <datafield tag="050" ind1="0" ind2="0">
   <subfield code="a">DS913.37</subfield>
   <subfield code="b">O5313 2022</subfield>
  </datafield>
  <datafield tag="090" ind1=" " ind2=" ">
   <subfield code="a">DS913.37</subfield>
   <subfield code="b">O5313 2022</subfield>
  </datafield>
  <datafield tag="100" ind1="1" ind2=" ">
   <subfield code="a">Okamoto, Takashi</subfield>
   <subfield code="d">1965-</subfield>
   <subfield code="e">author.</subfield>
  </datafield>
  <datafield tag="240" ind1="1" ind2="0">
   <subfield code="a">Sekai no naka no Nisshin-Kan kankeishi.</subfield>
   <subfield code="l">English</subfield>
  </datafield>
  <datafield tag="245" ind1="1" ind2="0">
   <subfield code="a">Contested perceptions</subfield>
   <subfield code="b">interactions and relations between China, Korea, and Japan since the seventeenth century</subfield>
   <subfield code="c">Okamoto Takashi.</subfield>
  </datafield>
  <datafield tag="246" ind1="3" ind2="0">
   <subfield code="a">Interactions and relations between China, Korea, and Japan since the seventeenth century</subfield>
  </datafield>
  <datafield tag="250" ind1=" " ind2=" ">
   <subfield code="a">First English edition.</subfield>
  </datafield>
  <datafield tag="300" ind1=" " ind2=" ">
   <subfield code="a">231 pages</subfield>
   <subfield code="b">illustrations, maps</subfield>
   <subfield code="c">22 cm</subfield>
  </datafield>
  <datafield tag="500" ind1=" " ind2=" ">
   <subfield code="a">Originally  published 2008; English translation published 2022.</subfield>
  </datafield>
  <datafield tag="504" ind1=" " ind2=" ">
   <subfield code="a">Includes bibliographical references (pages 218-222) and index.</subfield>
  </datafield>
  <datafield tag="505" ind1="0" ind2=" ">
   <subfield code="a">Preface --</subfield>
   <subfield code="t">Map of Qing China, Korea, Japan, and Russia in the nineteenth century --</subfield>
   <subfield code="t">Introduction --</subfield>
   <subfield code="g">Chapter one.</subfield>
   <subfield code="t">Tributary relations.</subfield>
   <subfield code="g">1.</subfield>
   <subfield code="t">The foreign relations of the Choso?n Dynasty</subfield>
   <subfield code="g">2.</subfield>
   <subfield code="t">The Japanese disturbances</subfield>
   <subfield code="g">3.</subfield>
   <subfield code="t">The Manchu disturbances</subfield>
   <subfield code="g">4.</subfield>
   <subfield code="t">From &quot;civility&quot; to &quot;barbarity&quot; --</subfield>
   <subfield code="g">Chapter two.</subfield>
   <subfield code="t">The making of &quot;tributary autonomy&quot;.</subfield>
   <subfield code="g">1.</subfield>
   <subfield code="t">The eastward advance of the western powers</subfield>
   <subfield code="g">2.</subfield>
   <subfield code="t">The beginnings of Korea's relations</subfield>
   <subfield code="g">3.</subfield>
   <subfield code="t">The year 1882 --</subfield>
   <subfield code="g">Chapter three.</subfield>
   <subfield code="t">The development of &quot;tributary autonomy&quot;.</subfield>
   <subfield code="g">1.</subfield>
   <subfield code="t">Korea's pursuit of &quot;autonomy&quot;</subfield>
   <subfield code="g">2.</subfield>
   <subfield code="t">The Qing's pursuit of &quot;tributary&quot;</subfield>
   <subfield code="g">3.</subfield>
   <subfield code="t">The consequences of protecting Korea. --</subfield>
   <subfield code="g">Chapter four.</subfield>
   <subfield code="t">Independent autonomy.</subfield>
   <subfield code="g">1.</subfield>
   <subfield code="t">War between Japan and the Qing</subfield>
   <subfield code="g">2.</subfield>
   <subfield code="t">The Kabo reforms and the royal refuge in the Russian legation</subfield>
   <subfield code="g">3.</subfield>
   <subfield code="t">The rise of the Korean Empire</subfield>
   <subfield code="g">4.</subfield>
   <subfield code="t">The year 1900 --</subfield>
   <subfield code="t">Conclusion --</subfield>
   <subfield code="t">Principal references --</subfield>
   <subfield code="t">Index --</subfield>
   <subfield code="t">About the author.</subfield>
  </datafield>
  <datafield tag="520" ind1=" " ind2=" ">
   <subfield code="a">&quot;The histories of  China, Korea, and Japan have been intimately intertwined for centuries. But of these three countries, it was Korea that occupied the pivotal geopolitical position. The Korean Peninsula shaped the dynamics of international interactions and relations in East Asia which, up until the start of the twentieth century, were underpinned by systems of order wholly removed from the sovereign state system we recognize as ubiquitous today. Contested Perceptions examines the coexistence of 'neighborly relations' between Japan and Korea and 'tributary relations' between Korea and the Qing dynasty from the seventeenth to the nineteenth century, and Korean 'tributary autonomy' in the late nineteenth century. It provides a cogent analysis of the differing perceptions that determined the success or failure of these past systems of order and their influence upon the balance of power in East Asia from the seventeenth century to modern times. Delving into the history of East Asian international relations, diplomacy, and power politics, this book elucidates the events that led to the Sino-Japanese and Russo-Japanese wars, and the conflicts of interest that have defined these nations to the present day.&quot;--Page 4 of cover.</subfield>
  </datafield>
  <datafield tag="651" ind1=" " ind2="0">
   <subfield code="a">Korea</subfield>
   <subfield code="x">Foreign relations</subfield>
   <subfield code="y">1392-1910.</subfield>
  </datafield>
  <datafield tag="651" ind1=" " ind2="0">
   <subfield code="a">Korea</subfield>
   <subfield code="x">Foreign relations</subfield>
   <subfield code="z">Japan.</subfield>
  </datafield>
  <datafield tag="651" ind1=" " ind2="0">
   <subfield code="a">Japan</subfield>
   <subfield code="x">Foreign relations</subfield>
   <subfield code="z">Korea.</subfield>
  </datafield>
  <datafield tag="651" ind1=" " ind2="0">
   <subfield code="a">Korea</subfield>
   <subfield code="x">Foreign relations</subfield>
   <subfield code="z">China.</subfield>
  </datafield>
  <datafield tag="651" ind1=" " ind2="0">
   <subfield code="a">China</subfield>
   <subfield code="x">Foreign relations</subfield>
   <subfield code="z">Korea.</subfield>
  </datafield>
  <datafield tag="651" ind1=" " ind2="0">
   <subfield code="a">East Asia</subfield>
   <subfield code="x">Foreign relations.</subfield>
  </datafield>
  <datafield tag="905" ind1=" " ind2=" ">
   <subfield code="a">FO</subfield>
  </datafield>
  <datafield tag="852" ind1="0" ind2=" ">
   <subfield code="a">UPMIN</subfield>
   <subfield code="b">UPMIN-MAIN</subfield>
   <subfield code="h">DS913.37</subfield>
   <subfield code="i">.O5313 2022</subfield>
  </datafield>
  <datafield tag="942" ind1=" " ind2=" ">
   <subfield code="a">Book</subfield>
  </datafield>
 </record>
</collection>
